000
00333nam a2200133Ia 4500
008
220216s9999 xx 000 0 und d
100
_a
Pramod Thomas
245
0
_a
Rubber, tyre sectors eye huge growth
260
_b
Tyre Asia
_c
2017
300
_a
48-49
500
_a
Source Year: 2017
650
_a
Indian tyre sector
942
_c
JS
999
_c
68162
_d
68162